History Quiz

Random History Quiz

Royal Australian Navy Ranks Quiz Stats

 Plays Quiz not verified by Sporcle

Also try: 2017 in Pictures
Challenge
Share
Tweet
Embed
Score 0/18 Timer 05:00
0 Plays Today
Officer or Sailor Ranks % Correct
????
100%
????
96.8%
????
88.9%
????
85.7%
????
83.3%
????
81%
????
68.3%
????
68.3%
????
63.5%
Officer or Sailor Ranks % Correct
????
63.5%
????
62.7%
????
61.9%
????
61.9%
????
61.9%
????
61.1%
????
60.3%
????
60.3%
????
60.3%

You're not logged in!

Compare scores with friends on all Sporcle quizzes.
Join for Free
OR
Log In

You Might Also Like...

Show Comments

Extras

Created Jan 20, 2012ReportNominate
Tags:australia, navy, officer, royal, sailor

Top Quizzes Today


Score Distribution

Your Account Isn't Verified!

In order to create a playlist on Sporcle, you need to verify the email address you used during registration. Go to your Sporcle Settings to finish the process.

Report this User

Report this user for behavior that violates our Community Guidelines.

Details: